Loading...
| Auditory Arts | 6 | 18.33 | 100% | 83% | 0% |
| Beliefs | 5 | 12.00 | 80% | 40% | 0% |
| Current Events | 6 | 16.67 | 100% | 50% | 17% |
| Fine Arts - Other Arts | 4 | 15.00 | 100% | 50% | 0% |
| Geography | 2 | 20.00 | 100% | 50% | 50% |
| History - American | 6 | 23.33 | 100% | 100% | 33% |
| History - Ancient | 3 | 20.00 | 100% | 100% | 0% |
| History - European | 4 | 17.50 | 100% | 50% | 25% |
| History - Other | 2 | 25.00 | 100% | 100% | 50% |
| History - World | 6 | 21.67 | 100% | 67% | 50% |
| Literature - American | 4 | 25.00 | 100% | 100% | 50% |
| Literature - British | 3 | 23.33 | 100% | 100% | 33% |
| Literature - European | 5 | 24.00 | 100% | 100% | 40% |
| Literature - World | 4 | 20.00 | 100% | 50% | 50% |
| Philosophy | 6 | 23.33 | 100% | 83% | 50% |
| Science - Biology | 4 | 12.50 | 75% | 50% | 0% |
| Science - Chemistry | 6 | 15.00 | 100% | 50% | 0% |
| Science - Other | 5 | 20.00 | 100% | 100% | 0% |
| Science - Physics | 6 | 15.00 | 100% | 33% | 17% |
| Social Science | 7 | 20.00 | 100% | 71% | 29% |
| Visual Arts | 5 | 24.00 | 100% | 100% | 40% |